Fleabrain loves Franny

में बचाया:
ग्रंथसूची विवरण
मुख्य लेखक: Rocklin, Joanne
स्वरूप: पुस्तक
भाषा:Undetermined
प्रकाशित: New York Amulet Books 2014
विषय:
टैग : टैग जोड़ें
कोई टैग नहीं, इस रिकॉर्ड को टैग करने वाले पहले व्यक्ति बनें!
Thư viện lưu trữ: Trung tâm Học liệu Trường Đại học Cần Thơ
LEADER 00481nam a2200181Ia 4500
001 CTU_228062
008 210402s9999 xx 000 0 und d
082 |a 813.6 
082 |b R683 
100 |a Rocklin, Joanne 
245 0 |a Fleabrain loves Franny 
245 0 |c Joanne Rocklin 
260 |a New York 
260 |b Amulet Books 
260 |c 2014 
650 |a Bệnh bại liệt,Poliomyelitis 
910 |b nthai 
980 |a Trung tâm Học liệu Trường Đại học Cần Thơ